Suomen kunnat, joiden nimessä esiintyy jokin vesiaiheinen sana - Statistics

Yleistilastot
  • Tätä visaa on pelattu 383 kertaa
    359 viimeisimmän päivityksen jälkeen
  • Keskiarvotulos 42 / 65
Vastaustilastot
Vastaus % Oikein
Alajärvi
79%
Seinäjoki
79%
Pyhäjoki
77%
Haapajärvi
76%
Haapavesi
76%
Kalajoki
76%
Kemijärvi
76%
Pyhäjärvi
75%
Kauhajoki
74%
Ilmajoki
73%
Isojoki
72%
Lappajärvi
72%
Orivesi
72%
Utsjoki
72%
Evijärvi
71%
Kyyjärvi
71%
Eurajoki
70%
Siikajoki
68%
Heinävesi
67%
Lahti
67%
Ylöjärvi
67%
Äänekoski
66%
Lapinjärvi
66%
Pudasjärvi
66%
Ruovesi
66%
Juupajoki
65%
Karijoki
65%
Kiuruvesi
65%
Kivijärvi
65%
Konnevesi
65%
Lumijoki
65%
Pielavesi
65%
Siilinjärvi
65%
Vesilahti
65%
Valkeakoski
64%
Merijärvi
63%
Nurmijärvi
63%
Ristijärvi
63%
Polvijärvi
62%
Saarijärvi
62%
Reisjärvi
61%
Sonkajärvi
61%
Suonenjoki
61%
Tohmajärvi
61%
Utajärvi
61%
Enonkoski
60%
Lapinlahti
60%
Padasjoki
60%
Rautjärvi
60%
Kannonkoski
59%
Petäjävesi
59%
Taivalkoski
59%
Virrat
59%
Jämijärvi
58%
Lestijärvi
56%
Rautalampi
56%
Virolahti
54%
Hausjärvi
53%
Leppävirta
53%
Savukoski
52%
Koski Tl
51%
Kontiolahti
50%
Toholampi
48%
Ruokolahti
47%
Viitasaari
47%
Ehtoja vastaavia visoja ei löytynyt
Tulosjakauma
Jokaisen tuloksen saaneiden osuus
Persentiili vastausten määrän mukaan
Tuloshistoriasi
Et ole pelannut tätä visaa sen viimeisimmän päivityksen jälkeen